Loading...
| Beliefs | 10 | 11.00 | 520% | 240% | 280% |
| Current Events | 3 | 16.67 | 1,733% | 533% | 0% |
| Fine Arts - Auditory | 6 | 21.67 | 2,400% | 400% | 500% |
| Fine Arts - Visual | 3 | 13.33 | 0% | 333% | 333% |
| Geography | 2 | 10.00 | 1,800% | 0% | 300% |
| History - American | 3 | 13.33 | 1,200% | 533% | 0% |
| History - European | 6 | 16.67 | 2,400% | 200% | 400% |
| History - World | 5 | 14.00 | 2,480% | 240% | 120% |
| Literature - American | 6 | 11.67 | 1,200% | 167% | 300% |
| Literature - British | 2 | 20.00 | 800% | 200% | 500% |
| Literature - European | 6 | 11.67 | 600% | 200% | 400% |
| Other Arts: Auditory | 4 | 15.00 | 2,700% | 300% | 150% |
| Other Arts: Visual | 2 | 10.00 | 0% | 300% | 300% |
| Other Science: Astronomy | 1 | 20.00 | 3,600% | 600% | 0% |
| Other Science: Computer Science | 1 | 20.00 | 3,600% | 600% | 0% |
| Other Science: Earth Science | 2 | 20.00 | 1,800% | 300% | 600% |
| Other Science: Math | 1 | 10.00 | 0% | 400% | 0% |
| Philosophy | 4 | 20.00 | 2,700% | 300% | 450% |
| Science - Biology | 6 | 18.33 | 3,000% | 300% | 300% |
| Science - Chemistry | 2 | 15.00 | 1,800% | 300% | 300% |
| Science - Physics | 5 | 20.00 | 2,880% | 480% | 240% |
| Social Science | 3 | 20.00 | 2,933% | 200% | 333% |
| 8 | 18.75 | 2,250% | 300% | 450% |